000 00912nam a2200241 a 4500
001 38592
003 BD-RjUL
005 20211209052826.0
008 160118s1989 bg ||||| |||| 001 0 ben d
035 _a(BD-RjUL)38700
040 _aBD-RjUL
_bben
_cBD-RjUL
_dBD-RjUL
041 _aben
082 _223
_a341.2
_bALA 1989
100 _aআলম, শাহ
_9119087
245 _aআন্তর্জাতিক সংগঠন /
_cড: শাহ আলম
260 _aঢাকা :
_bবাংলা একাডেমী,
_c১৯৮৯ [১৩৯৬]
300 _a১৪, ১৭৬ পৃ. ;
_c২১ সেমি.
500 _aনির্ঘন্ট ও পাদটিকা সংযুক্ত ।
650 _aআন্তর্জাতিক সংস্থা
_9119088
650 _aInternationale Organisation
_9119089
650 _aInternational organization.
_9119090
942 _2ddc
_cBK
999 _c38592
_d38592